Bollywood and postmodernism : popular Indian Cinema in the 21st century (Record no. 20122)
[ view plain ]
| 000 -LEADER | |
|---|---|
| fixed length control field | 00560nam a2200193 a 4500 |
| 001 - CONTROL NUMBER | |
| control field | 157814 |
| 003 - CONTROL NUMBER IDENTIFIER | |
| control field | OSt |
| 005 - DATE AND TIME OF LATEST TRANSACTION | |
| control field | 20220111112927.0 |
| 008 - FIXED-LENGTH DATA ELEMENTS--GENERAL INFORMATION | |
| fixed length control field | 200626 ### ENG |
| 020 ## - INTERNATIONAL STANDARD BOOK NUMBER | |
| International Standard Book Number | 9781474420945 |
| 082 ## - DEWEY DECIMAL CLASSIFICATION NUMBER | |
| Classification number | 791.430954 |
| Item number | W93B |
| 100 ## - MAIN ENTRY--PERSONAL NAME | |
| Personal name | Wright, Neelam Sidhar |
| 245 ## - TITLE STATEMENT | |
| Title | Bollywood and postmodernism : popular Indian Cinema in the 21st century |
| Statement of responsibility, etc | by Neelam Sidhar Wright |
| 260 ## - PUBLICATION, DISTRIBUTION, ETC. (IMPRINT) | |
| Place of publication, distribution, etc | Edinburgh |
| Name of publisher, distributor, etc | Edinburgh university press |
| Date of publication, distribution, etc | 2017 |
| 300 ## - PHYSICAL DESCRIPTION | |
| Extent | viii, 229p. |
| 653 ## - INDEX TERM--UNCONTROLLED | |
| Uncontrolled term | Postmodernism |
| 653 ## - INDEX TERM--UNCONTROLLED | |
| Uncontrolled term | Motion pictures |
| 942 ## - ADDED ENTRY ELEMENTS (KOHA) | |
| Source of classification or shelving scheme | Dewey Decimal Classification |
| Koha item type | Books |
| Withdrawn status | Lost status | Source of classification or shelving scheme | Damaged status | Not for loan | Collection code | Home library | Current library | Date acquired | Source of acquisition | Total Checkouts | Full call number | Barcode | Date last seen | Date checked out | Price effective from | Koha item type |
|---|---|---|---|---|---|---|---|---|---|---|---|---|---|---|---|---|
| Dewey Decimal Classification | General Text Book | Central University Of Rajasthan | Central University Of Rajasthan | 26/06/2020 | CMS | 1 | 791.430954 W93B | 34035 | 21/07/2023 | 07/07/2023 | 02/09/2020 | Books |
